000 01203nam a2200313 a 4500
001 000048090
003 DO-SdBNP
005 20210831111046.0
008 181114s2017 dr a r 001 0 spa d
020 _z9789945140279
040 _aDO-SdBNP
_bspa
_cBNPHU
082 _a972.93053
_bG984t, 2017
100 1 _aGutiérrez Félix, Euclides
245 1 0 _aTrujillo :
_bmonarca sin corona /
_cEuclides Gutiérrez Félix ; cuidado de edición, diseño de portada y fotografías, Cándido Gerón.
250 _a5a. ed., ampliada y corregida
260 _aSanto Domingo :
_bCorripio,
_c2017.
300 _a722 p. :
_bil., retrs. ;
_c25 cm.
500 _aIncluye índice onomástico
500 _aIncluye datos biográficos del autor en las solapas
500 _aIncluye referencias bibliográficas y notas al pie de las paginas
504 _aBibliografía : p. 689-696
590 _aInventariado, 2021/VM
600 1 4 _aMolina, Rafael Leónidas Trujillo,
_d1891-1961
650 4 _aRepública Dominicana
_xPolítica y gobierno
651 4 _aRepública Dominicana
_xHistoria
_yEra de TRujillo, 1930-1961
_xFuentes
700 1 _aGerón, Candido,
_d1950-
_eed.
910 _aVMateo V.
942 _2ddc
_cBK
999 _c13696
_d13696